| 000 | 01222cam a22002295a 4500 | ||
|---|---|---|---|
| 001 | L138058 | ||
| 008 | 070515e2005 xxk f 100 0 eng d | ||
| 035 | _a(Sirsi) u138058 | ||
| 041 | 0 | _aeng | |
| 100 | 1 | _aWordsworth, Paul | |
| 245 | 0 | 4 |
_aThe impact of flooding and flood risk on residential property value and the cost of insurance _h[electronic resource] |
| 260 | _c2005 | ||
| 490 | 0 |
_aCOBRA _v2005 |
|
| 520 | _aDiscusses whether and to what extent residential property value is influenced by flood risk, and the consequent cost and availability of building insurance. Reports that a recent flood event does adversely affect the value of a residential property, though the degree of discounting is not consistent between valuers, and depends on their personal perceptions. | ||
| 651 | 4 |
_aUnited Kingdom _y |
|
| 690 | _aENVIRONMENTAL AND LAND CONSULTANCY-WATER RESOURCE MANAGEMENT-FLOODING | ||
| 700 | 1 | _aProverbs, David | |
| 700 | 1 | _aAntwi, Adarkwah | |
| 711 | 2 |
_aConstruction and Building Research Conference _cUniversity of Queensland, Brisbane _d4-5 July 2005 |
|
| 856 | 4 | 0 |
_uhttps://www.rics.org/site/scripts/download_info.aspx?downloadID=1741 _zView the item free of charge at www.rics.org... |
| 942 | _n0 | ||
| 999 |
_c106990 _d106990 |
||